[Event "82nd Brazilian-ch 2015"]
[Site "Rio de Janeiro"]
[Date "2016.01.13"]
[Round "6"]
[White "Mekhitarian, Krikor Sevag"]
[Black "Leitao, Rafael Duailibe"]
[Result "1-0"]
[WhiteElo "2555"]
[BlackElo "2633"]
[PlyCount "129"]
[EventDate "2016.??.??"]
[EventCountry "BRA"]
[TimeControl "5400+30"]

1. e4 {[%emt 0:00:00]} c5 {[%emt 0:02:11]} 2. Nf3 {[%emt 0:00:00]} d6 {[%emt 0:
00:07]} 3. d4 {[%emt 0:00:07]} cxd4 {[%emt 0:00:06]} 4. Nxd4 {[%emt 0:00:02]}
Nf6 {[%emt 0:00:08]} 5. Nc3 {[%emt 0:00:03]} a6 {[%emt 0:00:05]} 6. Be3 {
[%emt 0:05:41]} e5 {[%emt 0:00:30]} 7. Nb3 {[%emt 0:00:04]} Be6 {[%emt 0:01:04]
} 8. f3 {[%emt 0:00:54]} Nbd7 {[%emt 0:01:50]} 9. Qd2 {[%emt 0:04:12]} h5 {
[%emt 0:02:38]} 10. O-O-O {[%emt 0:01:28]} Be7 {[%emt 0:01:07]} 11. Kb1 {
[%emt 0:00:30]} Qc7 {[%emt 0:05:47]} 12. Nd5 {[%emt 0:13:28]} Bxd5 {[%emt 0:07:
18]} 13. exd5 {[%emt 0:00:03]} Nb6 {[%emt 0:00:40]} 14. Qa5 {[%emt 0:15:42]}
Rc8 {[%emt 0:02:10]} 15. c3 {[%emt 0:00:14]} Nc4 {[%emt 0:05:14]} 16. Qxc7 {
[%emt 0:01:07]} Rxc7 {[%emt 0:00:05]} 17. Bf2 {[%emt 0:09:34]} Bd8 {[%emt 0:18:
22]} 18. Bd3 {[%emt 0:15:12]} O-O {[%emt 0:03:37]} 19. Rhe1 {[%emt 0:04:57]} g6
{[%emt 0:03:24]} 20. h3 {[%emt 0:05:48]} Kg7 {[%emt 0:20:19]} 21. g3 Nd7 {
[%emt 0:03:01]} 22. f4 {[%emt 0:13:35]} b5 {[%emt 0:04:49]} 23. f5 {[%emt 0:06:
08]} Nf6 {[%emt 0:00:40]} 24. Bc2 {[%emt 0:00:56]} Rc8 {[%emt 0:02:53]} 25. Nd2
Nxd2+ {[%emt 0:05:08]} 26. Rxd2 {[%emt 0:01:03]} Rb8 {[%emt 0:00:22]} 27. Be3 {
[%emt 0:00:48]} Bb6 {[%emt 0:06:47]} 28. Bg5 {[%emt 0:00:01]} Bd8 {[%emt 0:01:
59]} 29. Be3 {[%emt 0:00:58]} Bb6 {[%emt 0:00:10]} 30. Bg5 {[%emt 0:00:16]} Bd8
{[%emt 0:00:05]} 31. Rf1 {[%emt 0:01:47]} Nh7 {[%emt 0:01:17]} 32. Be3 {
[%emt 0:00:21]} Bb6 {[%emt 0:00:23]} 33. Bxb6 {[%emt 0:00:16]} Rxb6 {[%emt 0:
00:04]} 34. Rdf2 {[%emt 0:00:49]} Nf6 {[%emt 0:00:25]} 35. fxg6 {[%emt 0:00:49]
} fxg6 36. Be4 {[%emt 0:00:30]} Rbb8 {[%emt 0:02:05]} 37. Bg2 b4 {[%emt 0:00:
52]} 38. cxb4 {[%emt 0:00:21]} Rxb4 {[%emt 0:00:07]} 39. Rc1 {[%emt 0:00:20]}
Nd7 {[%emt 0:00:48]} 40. Rxf8 {[%emt 0:00:15]} Kxf8 {[%emt 0:00:04]} 41. Rc6 {
[%emt 0:00:45]} Rb6 {[%emt 0:01:03]} 42. h4 {[%emt 0:00:43]} Ke7 {[%emt 0:00:
33]} 43. Bh3 {[%emt 0:00:09]} Rb7 {[%emt 0:00:26]} 44. Rxa6 {[%emt 0:00:11]}
Nc5 {[%emt 0:00:25]} 45. Ra8 {[%emt 0:01:10]} Rb4 {[%emt 0:00:31]} 46. Bg2 {
[%emt 0:00:54]} e4 {[%emt 0:00:30]} 47. Kc2 {[%emt 0:00:32]} Rd4 {[%emt 0:00:
20]} 48. Ra3 {[%emt 0:00:19]} Kf6 {[%emt 0:00:16]} 49. Re3 {[%emt 0:00:21]} Ke5
{[%emt 0:00:04]} 50. a3 {[%emt 0:00:35]} Rc4+ {[%emt 0:01:25]} 51. Rc3 {
[%emt 0:00:43]} Rd4 {[%emt 0:00:09]} 52. Re3 {[%emt 0:00:24]} Rc4+ {[%emt 0:00:
05]} 53. Rc3 {[%emt 0:00:44]} Rd4 {[%emt 0:00:04]} 54. b4 {[%emt 0:00:20]} Nd3
{[%emt 0:00:25]} 55. Bf1 {[%emt 0:00:10]} Ne1+ {[%emt 0:00:22]} 56. Kc1 {
[%emt 0:00:07]} Rxd5 {[%emt 0:01:16]} 57. b5 {[%emt 0:00:12]} Nd3+ {[%emt 0:01:
19]} 58. Bxd3 {[%emt 0:00:22]} exd3 {[%emt 0:00:05]} 59. Rb3 {[%emt 0:00:53]}
Kd4 {[%emt 0:00:48]} 60. Kd2 {[%emt 0:00:42]} Rf5 {[%emt 0:00:27]} 61. Rb4+ {
[%emt 0:00:13]} Kc5 {[%emt 0:00:08]} 62. b6 {[%emt 0:00:04]} Rf2+ {[%emt 0:01:
01]} 63. Kxd3 {[%emt 0:00:15]} Rf3+ {[%emt 0:00:11]} 64. Ke4 {[%emt 0:00:47]}
Rxa3 {[%emt 0:00:50]} 65. b7 {[%emt 0:00:10]} 1-0

[Event "82nd Brazilian-ch 2015"]
[Site "Rio de Janeiro"]
[Date "2016.01.13"]
[Round "6"]
[White "Reis, Renan do Carmo"]
[Black "Teixeira, Ricardo da Silva"]
[Result "1-0"]
[WhiteElo "2254"]
[BlackElo "2234"]
[PlyCount "93"]
[EventDate "2016.??.??"]
[EventCountry "BRA"]
[TimeControl "5400+30"]

1. e4 e6 2. d3 d5 3. Nd2 Nf6 4. Ngf3 b6 5. c3 Bb7 6. e5 Nfd7 7. d4 c5 8. Bd3
Nc6 9. a3 Be7 10. O-O g5 11. b4 c4 12. Bc2 Qc7 13. a4 g4 14. Ne1 h5 15. f3
O-O-O 16. b5 Ncxe5 17. dxe5 Qxe5 18. Nb1 Bc5+ 19. Kh1 h4 20. fxg4 h3 21. Bf4
hxg2+ 22. Nxg2 Qg7 23. Qe2 Rdg8 24. Bd1 e5 25. Be3 d4 26. Bg1 d3 27. Qe1 Rh3
28. Nd2 Rgh8 29. Bf3 Bxf3 30. Rxf3 Qxg4 31. Rxh3 Qxh3 32. Nf1 Bxg1 33. Kxg1 f5
34. Qg3 Qh5 35. a5 f4 36. Qg7 Qh7 37. Qxh7 Rxh7 38. Nd2 Nc5 39. axb6 axb6 40.
Nxc4 f3 41. Nge3 Ne4 42. Nxe5 Rg7+ 43. Kf1 f2 44. N5g4 Rf7 45. Ra2 d2 46. Nd1
Nxc3 47. Nxc3 1-0

[Event "82nd Brazilian-ch 2015"]
[Site "Rio de Janeiro"]
[Date "2016.01.13"]
[Round "6"]
[White "Santos, Marcus Vinicius M"]
[Black "Santiago, Yago De Moura"]
[Result "0-1"]
[WhiteElo "2367"]
[BlackElo "2422"]
[PlyCount "68"]
[EventDate "2016.??.??"]
[EventCountry "BRA"]
[TimeControl "5400+30"]

1. d4 {[%emt 0:00:01]} Nf6 {[%emt 0:03:24]} 2. c4 {[%emt 0:00:15]} b6 {[%emt 0:
00:05]} 3. Nc3 {[%emt 0:03:47]} Bb7 {[%emt 0:00:05]} 4. d5 {[%emt 0:02:06]} e6
{[%emt 0:00:15]} 5. a3 {[%emt 0:00:25]} Bd6 {[%emt 0:00:14]} 6. Nf3 {[%emt 0:
00:55]} O-O {[%emt 0:00:10]} 7. g3 {[%emt 0:01:11]} exd5 {[%emt 0:09:33]} 8.
cxd5 {[%emt 0:00:44]} c6 {[%emt 0:00:47]} 9. Bg2 {[%emt 0:03:13]} Na6 {[%emt 0:
00:47]} 10. Nd4 {[%emt 0:02:37]} Be5 {[%emt 0:05:00]} 11. O-O {[%emt 0:02:51]}
c5 {[%emt 0:03:37]} 12. Nf5 {[%emt 0:03:21]} d6 {[%emt 0:00:29]} 13. f4 {
[%emt 0:06:13]} Bxc3 {[%emt 0:00:12]} 14. bxc3 {[%emt 0:00:07]} Bc8 {[%emt 0:
02:35]} 15. Ne3 {[%emt 0:01:52]} Re8 {[%emt 0:00:34]} 16. Qd3 {[%emt 0:00:40]}
b5 {[%emt 0:06:22]} 17. c4 {[%emt 0:12:44]} bxc4 {[%emt 0:02:43]} 18. Nxc4 {
[%emt 0:00:43]} Nc7 {[%emt 0:00:11]} 19. e4 {[%emt 0:03:10]} Ba6 {[%emt 0:00:
31]} 20. Bd2 {[%emt 0:01:14]} Nd7 {[%emt 0:11:18]} 21. Qc2 {[%emt 0:12:39]}
Bxc4 {[%emt 0:17:28]} 22. Qxc4 {[%emt 0:00:09]} Nb6 {[%emt 0:00:03]} 23. Qd3 {
[%emt 0:02:44]} Qd7 {[%emt 0:03:38]} 24. Rae1 {[%emt 0:04:58]} Qa4 {[%emt 0:02:
08]} 25. e5 {[%emt 0:03:09]} c4 {[%emt 0:00:52]} 26. Qf3 {[%emt 0:01:41]} Ncxd5
{[%emt 0:10:40]} 27. exd6 {[%emt 0:00:17]} Qd7 {[%emt 0:00:13]} 28. Rd1 {
[%emt 0:01:34]} Rad8 {[%emt 0:04:40]} 29. Rfe1 {[%emt 0:14:29]} Qxd6 {[%emt 0:
05:00]} 30. Rxe8+ {[%emt 0:01:36]} Rxe8 {[%emt 0:00:05]} 31. Bb4 {[%emt 0:00:
28]} Qc7 {[%emt 0:00:47]} 32. Rxd5 {[%emt 0:02:45]} Nxd5 {[%emt 0:00:06]} 33.
Qxd5 {[%emt 0:00:06]} c3 {[%emt 0:01:42]} 34. Bc5 {[%emt 0:06:40]} c2 {[%emt 0:
01:10]} 0-1

[Event "82nd Brazilian-ch 2015"]
[Site "Rio de Janeiro"]
[Date "2016.01.12"]
[Round "4"]
[White "Barbosa, Evandro Amorim"]
[Black "Choma, Ernani Francisco"]
[Result "1/2-1/2"]
[WhiteElo "2461"]
[BlackElo "2383"]
[PlyCount "52"]
[EventDate "2016.??.??"]
[EventCountry "BRA"]
[TimeControl "5400+30"]

1. e4 c5 {[%emt 0:02:01]} 2. Nf3 {[%emt 0:00:00]} Nc6 {[%emt 0:00:18]} 3. Bb5 {
[%emt 0:00:00]} g6 {[%emt 0:01:58]} 4. O-O {[%emt 0:00:00]} Bg7 {[%emt 0:01:16]
} 5. c3 {[%emt 0:00:23]} Nf6 {[%emt 0:01:58]} 6. e5 {[%emt 0:00:22]} Nd5 {
[%emt 0:00:40]} 7. d4 {[%emt 0:00:14]} cxd4 {[%emt 0:03:46]} 8. cxd4 {[%emt 0:
00:08]} O-O {[%emt 0:02:37]} 9. Nc3 {[%emt 0:00:10]} Nxc3 {[%emt 0:04:14]} 10.
bxc3 {[%emt 0:00:04]} d6 {[%emt 0:00:25]} 11. exd6 {[%emt 0:00:06]} Qxd6 {
[%emt 0:07:06]} 12. a4 {[%emt 0:00:09]} Be6 {[%emt 0:03:41]} 13. Ba3 {[%emt 0:
09:34]} Qc7 {[%emt 0:01:04]} 14. Re1 {[%emt 0:00:36]} a6 {[%emt 0:02:13]} 15.
Bd3 {[%emt 0:12:53]} Na5 {[%emt 0:16:08]} 16. Rb1 {[%emt 0:16:08]} Qxc3 17.
Bxe7 {[%emt 0:01:56]} Rfe8 {[%emt 0:20:07]} 18. Bb4 {[%emt 0:02:07]} Qc7 {
[%emt 0:00:05]} 19. Rc1 {[%emt 0:02:46]} Nc6 {[%emt 0:01:50]} 20. Be4 {[%emt 0:
03:25]} Qd7 {[%emt 0:01:45]} 21. Bxc6 {[%emt 0:05:10]} bxc6 {[%emt 0:00:12]}
22. Ne5 {[%emt 0:00:13]} Bxe5 {[%emt 0:03:58]} 23. Rxe5 {[%emt 0:02:11]} Bd5 {
[%emt 0:04:13]} 24. h3 {[%emt 0:02:13]} f6 {[%emt 0:03:37]} 25. Rxe8+ {[%emt 0:
02:11]} Rxe8 {[%emt 0:00:35]} 26. Qd2 {[%emt 0:00:29]} Qe6 {[%emt 0:00:54]}
1/2-1/2

[Event "82nd Brazilian-ch 2015"]
[Site "Rio de Janeiro"]
[Date "2016.01.12"]
[Round "4"]
[White "Limp, Eduardo Thelio"]
[Black "Leitao, Rafael Duailibe"]
[Result "0-1"]
[WhiteElo "2385"]
[BlackElo "2633"]
[PlyCount "135"]
[EventDate "2016.??.??"]
[EventCountry "BRA"]
[TimeControl "5400+30"]

1. d4 {[%emt 0:00:00]} Nf6 {[%emt 0:00:00]} 2. Nf3 {[%emt 0:00:00]} g6 {
[%emt 0:00:37]} 3. c3 {[%emt 0:00:05]} Bg7 {[%emt 0:00:12]} 4. Bg5 {[%emt 0:00:
43]} c5 {[%emt 0:05:14]} 5. e3 {[%emt 0:00:23]} O-O {[%emt 0:04:04]} 6. Nbd2 {
[%emt 0:00:12]} b6 {[%emt 0:09:53]} 7. Be2 {[%emt 0:00:59]} Bb7 {[%emt 0:00:19]
} 8. O-O {[%emt 0:00:13]} Nc6 {[%emt 0:01:44]} 9. Bxf6 {[%emt 0:04:47]} Bxf6 {
[%emt 0:10:30]} 10. dxc5 {[%emt 0:00:30]} Rb8 {[%emt 0:01:34]} 11. Ne4 {
[%emt 0:23:34]} Bg7 {[%emt 0:00:23]} 12. Qa4 {[%emt 0:00:49]} Ba8 {[%emt 0:01:
01]} 13. Rab1 {[%emt 0:11:46]} bxc5 {[%emt 0:16:35]} 14. Nxc5 {[%emt 0:00:53]}
d6 {[%emt 0:01:17]} 15. Nb3 {[%emt 0:02:26]} Rb6 {[%emt 0:04:54]} 16. Rbd1 {
[%emt 0:03:19]} Qb8 {[%emt 0:01:03]} 17. Rd2 {[%emt 0:01:24]} e6 {[%emt 0:03:
56]} 18. e4 {[%emt 0:10:39]} Ne7 {[%emt 0:01:24]} 19. Rfd1 {[%emt 0:02:32]} Bh6
{[%emt 0:15:05]} 20. Rd4 {[%emt 0:01:05]} Bg7 {[%emt 0:01:59]} 21. R4d2 {
[%emt 0:00:11]} d5 {[%emt 0:00:51]} 22. exd5 {[%emt 0:00:50]} Nxd5 {[%emt 0:00:
18]} 23. g3 {[%emt 0:04:32]} Nf6 {[%emt 0:00:53]} 24. Ne1 {[%emt 0:06:28]} Ne4
{[%emt 0:02:16]} 25. Rd3 {[%emt 0:05:30]} Bd5 {[%emt 0:00:59]} 26. Ra1 {
[%emt 0:05:07]} Rc8 {[%emt 0:08:55]} 27. Re3 {[%emt 0:03:38]} Nd6 {[%emt 0:00:
32]} 28. Bf1 {[%emt 0:05:36]} Nc4 {[%emt 0:03:02]} 29. Re2 {[%emt 0:00:23]} Bf8
{[%emt 0:02:35]} 30. Nd3 {[%emt 0:00:43]} Bb7 {[%emt 0:00:39]} 31. Nbc1 {
[%emt 0:05:13]} Bf3 {[%emt 0:00:53]} 32. Re1 {[%emt 0:00:24]} Bg7 {[%emt 0:01:
46]} 33. Bg2 {[%emt 0:00:53]} Bxg2 {[%emt 0:00:11]} 34. Kxg2 {[%emt 0:00:03]}
Qb7+ {[%emt 0:00:15]} 35. Kg1 {[%emt 0:00:09]} Nxb2 {[%emt 0:00:53]} 36. Nxb2 {
[%emt 0:00:09]} Bxc3 {[%emt 0:00:23]} 37. Ncd3 {[%emt 0:00:44]} Bxb2 {[%emt 0:
00:18]} 38. Rab1 {[%emt 0:00:17]} Bf6 {[%emt 0:00:29]} 39. Rxb6 {[%emt 0:00:13]
} Qxb6 {[%emt 0:00:03]} 40. Nf4 {[%emt 0:00:58]} Bd4 {[%emt 0:00:35]} 41. Rf1 {
[%emt 0:00:55]} Rd8 {[%emt 0:00:47]} 42. h4 {[%emt 0:00:19]} h5 {[%emt 0:00:21]
} 43. Qc2 {[%emt 0:00:22]} Kg7 {[%emt 0:00:07]} 44. Rb1 {[%emt 0:00:36]} Qc5 {
[%emt 0:00:51]} 45. Qe2 {[%emt 0:00:18]} Rd7 {[%emt 0:00:41]} 46. Kg2 {[%emt 0:
00:20]} Be5 {[%emt 0:00:56]} 47. Nh3 {[%emt 0:01:11]} Bf6 {[%emt 0:00:19]} 48.
Rd1 {[%emt 0:00:42]} Rxd1 {[%emt 0:00:48]} 49. Qxd1 {[%emt 0:00:07]} Bd4 {
[%emt 0:00:33]} 50. Qe2 {[%emt 0:00:10]} Qe5 {[%emt 0:00:12]} 51. Qf3 {[%emt 0:
00:41]} Qf6 {[%emt 0:00:30]} 52. Qe2 {[%emt 0:00:15]} Bb6 {[%emt 0:00:40]} 53.
Ng5 {[%emt 0:00:11]} Qf5 {[%emt 0:00:15]} 54. Nh3 {[%emt 0:00:19]} Qd5+ {
[%emt 0:00:14]} 55. Kg1 {[%emt 0:00:20]} Bd8 {[%emt 0:00:58]} 56. Qb2+ {
[%emt 0:00:34]} Bf6 {[%emt 0:00:05]} 57. Qe2 {[%emt 0:00:11]} Qd4 {[%emt 0:00:
22]} 58. Kg2 {[%emt 0:00:19]} a5 {[%emt 0:00:11]} 59. Ng1 {[%emt 0:01:05]} a4 {
[%emt 0:00:18]} 60. Nh3 {[%emt 0:00:25]} Qd5+ {[%emt 0:00:54]} 61. Kg1 {
[%emt 0:00:16]} Qe5 {[%emt 0:00:31]} 62. Qc4 {[%emt 0:00:38]} Qd4 {[%emt 0:00:
21]} 63. Qe2 {[%emt 0:00:13]} Qg4 {[%emt 0:00:56]} 64. Qxg4 {[%emt 0:02:10]}
hxg4 {[%emt 0:00:03]} 65. Nf4 {[%emt 0:00:10]} Bd4 {[%emt 0:00:53]} 66. Kf1 {
[%emt 0:00:15]} Kf6 {[%emt 0:00:31]} 67. Ke2 {[%emt 0:00:26]} Kf5 {[%emt 0:00:
28]} 68. Nd3 {[%emt 0:01:19] Ke5} 0-1

[Event "82nd Brazilian-ch 2015"]
[Site "Rio de Janeiro"]
[Date "2016.01.12"]
[Round "4"]
[White "Macedo, Maximo Iack"]
[Black "Mekhitarian, Krikor Sevag"]
[Result "0-1"]
[WhiteElo "2316"]
[BlackElo "2555"]
[PlyCount "70"]
[EventDate "2016.??.??"]
[EventCountry "BRA"]
[TimeControl "5400+30"]

1. Nf3 {[%emt 0:03:39]} Nf6 {[%emt 0:04:02]} 2. c4 {[%emt 0:01:21]} e6 {
[%emt 0:07:39]} 3. g3 {[%emt 0:12:47]} d5 {[%emt 0:00:39]} 4. Bg2 {[%emt 0:00:
06]} dxc4 {[%emt 0:01:00]} 5. Qa4+ {[%emt 0:00:39]} Bd7 {[%emt 0:00:39]} 6.
Qxc4 {[%emt 0:00:07]} c5 {[%emt 0:00:02]} 7. Ne5 {[%emt 0:01:00]} Qc8 {[%emt 0:
00:05]} 8. Nc3 {[%emt 0:08:31]} Nc6 {[%emt 0:00:50]} 9. Nxd7 {[%emt 0:00:14]}
Qxd7 {[%emt 0:00:02]} 10. O-O {[%emt 0:00:36]} Rc8 {[%emt 0:01:03]} 11. a4 {
[%emt 0:06:00]} Be7 {[%emt 0:04:15]} 12. a5 {[%emt 0:12:02]} O-O {[%emt 0:00:
47]} 13. d3 {[%emt 0:12:08]} Rfd8 {[%emt 0:07:47]} 14. Rd1 {[%emt 0:05:52]} Nd5
{[%emt 0:06:40]} 15. Kf1 {[%emt 0:16:47]} Ndb4 {[%emt 0:07:17]} 16. Bd2 {
[%emt 0:08:35]} Nd4 {[%emt 0:04:04]} 17. Na2 {[%emt 0:02:58]} Nbc6 {[%emt 0:23:
52]} 18. Nc3 {[%emt 0:00:54]} Nc2 {[%emt 0:02:26]} 19. Rac1 {[%emt 0:00:10]}
N2b4 {[%emt 0:01:07]} 20. Ra1 {[%emt 0:00:16]} a6 {[%emt 0:02:14]} 21. Ne4 {
[%emt 0:01:27]} Nd4 {[%emt 0:03:25]} 22. Bc3 {[%emt 0:01:27]} h6 {[%emt 0:05:
43]} 23. Bxd4 {[%emt 0:00:36]} cxd4 {[%emt 0:00:15]} 24. Qb3 {[%emt 0:00:07]}
Rc7 {[%emt 0:07:18]} 25. Nd2 {[%emt 0:00:22]} Qb5 {[%emt 0:01:07]} 26. Nc4 {
[%emt 0:02:17]} h5 {[%emt 0:00:01]} 27. Qa4 {[%emt 0:00:36]} Qc5 {[%emt 0:00:
11]} 28. Bf3 {[%emt 0:01:19]} h4 {[%emt 0:00:14]} 29. Rac1 {[%emt 0:00:24]} Qg5
{[%emt 0:02:26]} 30. Kg2 {[%emt 0:00:34]} Rdc8 {[%emt 0:01:20]} 31. Qb3 {
[%emt 0:00:45]} g6 {[%emt 0:02:10]} 32. Rb1 {[%emt 0:00:46]} Kg7 33. Nd2 {
[%emt 0:00:24]} Qxa5 {[%emt 0:00:18]} 34. Ra1 {[%emt 0:00:39]} Qb5 {[%emt 0:01:
32]} 35. Ne4 {[%emt 0:00:28]} a5 {[%emt 0:01:00]} 0-1

[Event "82nd Brazilian-ch 2015"]
[Site "Rio de Janeiro"]
[Date "2016.01.12"]
[Round "4"]
[White "Reis, Renan do Carmo"]
[Black "Brito, Luismar"]
[Result "1-0"]
[WhiteElo "2254"]
[BlackElo "2235"]
[PlyCount "83"]
[EventDate "2016.??.??"]
[EventCountry "BRA"]
[TimeControl "5400+30"]

1. e4 c5 2. Nf3 e6 3. b3 Nc6 4. Bb2 d6 5. d4 cxd4 6. Nxd4 Nf6 7. Bd3 e5 8. Ne2
Be7 9. c4 O-O 10. Nbc3 Bg4 11. f3 Be6 12. Nd5 Ne8 13. O-O g6 14. f4 Ng7 15.
Nxe7+ Nxe7 16. fxe5 Nc6 17. exd6 Qxd6 18. Nf4 Rad8 19. Nd5 Bxd5 20. exd5 Ne5
21. Bc2 f6 22. Qd4 b6 23. a4 Rf7 24. Rae1 Re8 25. Qh4 Nd7 26. Rxe8+ Nxe8 27.
Re1 Re7 28. Bd4 Ne5 29. h3 Kg7 30. Qf2 Qb4 31. Re2 Nd7 32. Bc3 Rxe2 33. Bxb4
Rxf2 34. Kxf2 Nc5 35. Ke3 Kf7 36. Kd4 Nb7 37. Ba3 a5 38. c5 bxc5+ 39. Bxc5 f5
40. b4 axb4 41. Bxb4 Ned6 42. Bd3 1-0

[Event "82nd Brazilian-ch 2015"]
[Site "Rio de Janeiro"]
[Date "2016.01.12"]
[Round "4"]
[White "Santos, Marcus Vinicius M"]
[Black "Souza, Rafael Cabral de"]
[Result "1-0"]
[WhiteElo "2367"]
[BlackElo "2159"]
[PlyCount "125"]
[EventDate "2016.??.??"]
[EventCountry "BRA"]
[TimeControl "5400+30"]

1. d4 Nf6 2. c4 e6 3. Nc3 d5 4. cxd5 exd5 5. Bg5 c6 6. Qc2 Be7 7. e3 Nbd7 8.
Bd3 Nf8 9. Nf3 Ne6 10. Bh4 g6 11. O-O Ng7 12. b4 a6 13. Rab1 O-O 14. a4 Bf5 15.
Bxf5 Nxf5 16. Bxf6 Bxf6 17. b5 axb5 18. axb5 Nd6 19. bxc6 bxc6 20. Nd2 Ra6 21.
Na4 Nb5 22. Nc5 Ra7 23. Ra1 Qb6 24. Rxa7 Qxa7 25. Ndb3 Ra8 26. Nd3 Qb6 27. Rc1
Rc8 28. Nbc5 Qd8 29. Ra1 Be7 30. Ne5 Bd6 31. Nb7 Qb6 32. Nxd6 Nxd6 33. Rc1 Nb7
34. g3 Kg7 35. Qa2 f6 36. Rb1 Qc7 37. Qa6 Nd8 38. Nd3 Rb8 39. Rxb8 Qxb8 40. Nc5
h5 41. Kg2 g5 42. h3 Qc7 43. Qa8 Kg6 44. g4 Kh6 45. gxh5 Kxh5 46. Qa2 Kg6 47.
Qc2+ Kh6 48. Qf5 Qe7 49. Kf3 Nf7 50. Qc8 Nd8 51. Kg4 Qe8 52. Qf5 Qh5+ 53. Kg3
Qf7 54. Qc8 Qe7 55. Qf5 Nf7 56. Kg4 Nd6 57. Qe6 Qf8 58. Nd7 Qf7 59. Qxd6 Qh5+
60. Kg3 Qh4+ 61. Kg2 Qe4+ 62. Kg1 Qb1+ 63. Kh2 1-0

[Event "82nd Brazilian-ch 2015"]
[Site "Rio de Janeiro"]
[Date "2016.01.12"]
[Round "4"]
[White "Teixeira, Ricardo da Silva"]
[Black "Santiago, Yago De Moura"]
[Result "0-1"]
[WhiteElo "2234"]
[BlackElo "2422"]
[PlyCount "80"]
[EventDate "2016.??.??"]
[EventCountry "BRA"]
[TimeControl "5400+30"]

1. Nf3 Nf6 2. c4 e6 3. g3 d5 4. Bg2 dxc4 5. O-O Nbd7 6. Qa4 a6 7. Qxc4 b5 8.
Qc2 Bb7 9. a4 c5 10. d3 Be7 11. Nc3 Bc6 12. axb5 axb5 13. Rxa8 Qxa8 14. Ne1 Nd5
15. Nxd5 Bxd5 16. e4 Bc6 17. Qe2 O-O 18. Nc2 Re8 19. Be3 Qa2 20. b4 cxb4 21.
Ra1 Qb2 22. Qd1 Qf6 23. Rb1 e5 24. Nxb4 Bxb4 25. Rxb4 Qd6 26. Qb1 Nc5 27. Bf1
Ne6 28. Qb2 Rd8 29. Rb3 h6 30. h4 f5 31. Bg2 f4 32. Bc1 Nd4 33. Rc3 Bd7 34. Ra3
fxg3 35. fxg3 Qg6 36. Kh2 Rf8 37. Be3 Nf3+ 38. Bxf3 Rxf3 39. Bf2 Qg4 40. Kg2
Rf8 0-1

[Event "82nd Brazilian-ch 2015"]
[Site "Rio de Janeiro"]
[Date "2016.01.14"]
[Round "7.1"]
[White "Leitao, Rafael Duailibe"]
[Black "Reis, Renan do Carmo"]
[Result "1-0"]
[WhiteElo "2633"]
[BlackElo "2254"]
[PlyCount "81"]
[EventDate "2016.??.??"]
[EventCountry "BRA"]
[WhiteClock "0:08:48"]
[BlackClock "0:02:49"]

1. d4 Nf6 2. c4 e6 3. Nc3 c5 4. d5 exd5 5. cxd5 d6 6. Nf3 g6 7. g3 Bg7 8. Bg2
O-O 9. O-O Re8 10. Re1 Ne4 11. Nxe4 Rxe4 12. Nd2 Re8 13. Ne4 Bf5 14. Nc3 Na6
15. e4 Bd7 16. Bf1 Nc7 17. Bf4 Qf6 18. a4 g5 19. Be3 a6 20. Bg2 b5 21. Rc1 b4
22. Nb1 Qxb2 23. Bxg5 Qa2 24. Bf4 Bd4 25. Bxd6 Nxd5 26. Re2 Qxa4 27. Qd2 Nc3
28. Nxc3 bxc3 29. Qg5+ Kh8 30. e5 Bc6 31. Qf6+ Kg8 32. Qg5+ Kh8 33. Be7 Rxe7
34. Qf6+ Kg8 35. Bxc6 Qc4 36. Re4 Re6 37. Rg4+ Kf8 38. Qh8+ Ke7 39. Qxa8 Bxf2+
40. Kxf2 Qxg4 41. Qe8# 1-0

[Event "82nd Brazilian-ch 2015"]
[Site "Rio de Janeiro"]
[Date "2016.01.14"]
[Round "7.2"]
[White "Souza, Rafael Cabral de"]
[Black "Mekhitarian, Krikor Sevag"]
[Result "0-1"]
[WhiteElo "2159"]
[BlackElo "2555"]
[PlyCount "84"]
[EventDate "2016.??.??"]
[EventCountry "BRA"]
[WhiteClock "0:00:40"]
[BlackClock "0:02:29"]

1. e4 c5 2. Nf3 e6 3. d4 cxd4 4. Nxd4 a6 5. Nc3 Qc7 6. Be3 Bb4 7. Nde2 Nf6 8.
a3 Be7 9. Nd4 Nc6 10. Be2 O-O 11. O-O d6 12. Kh1 Na5 13. Qe1 Bd7 14. f4 Nc4 15.
Bc1 Rac8 16. Bd3 b5 17. Nce2 g6 18. b3 e5 19. Nf3 Na5 20. Bb2 Nc6 21. Nc3 exf4
22. Nd5 Nxd5 23. exd5 Ne5 24. Nxe5 dxe5 25. Qxe5 Qxe5 26. Bxe5 g5 27. c4 Rfe8
28. Rfe1 bxc4 29. Bxc4 Bc5 30. Bxa6 Ra8 31. b4 Bf2 32. b5 Bxe1 33. Rxe1 Bc8 34.
Bxc8 Raxc8 35. Kg1 Rc5 36. a4 Rxd5 37. b6 Rdxe5 38. Rxe5 Rxe5 39. Kf2 Re3 40.
a5 Rb3 41. Ke2 g4 42. Kd2 Rb5 0-1

[Event "82nd Brazilian-ch 2015"]
[Site "Rio de Janeiro"]
[Date "2016.01.14"]
[Round "7.3"]
[White "Choma, Ernani Francisco"]
[Black "Macedo, Maximo Iack"]
[Result "1-0"]
[WhiteElo "2383"]
[BlackElo "2316"]
[PlyCount "77"]
[EventDate "2016.??.??"]
[EventCountry "BRA"]
[WhiteClock "0:01:17"]
[BlackClock "0:00:53"]

1. Nf3 Nf6 2. c4 c5 3. Nc3 Nc6 4. d4 cxd4 5. Nxd4 g6 6. g3 Bg7 7. Bg2 O-O 8.
O-O Ng4 9. e3 d6 10. b3 Nxd4 11. exd4 Nh6 12. Bxh6 Bxh6 13. Re1 Bg7 14. Qd3 e6
15. Rab1 Rb8 16. b4 b6 17. b5 Bb7 18. a3 Bxg2 19. Kxg2 Rc8 20. Rec1 d5 21. cxd5
exd5 22. Qf3 Bxd4 23. Nxd5 Rc5 24. Rxc5 bxc5 25. a4 Re8 26. b6 axb6 27. Nxb6
Re5 28. g4 h5 29. h3 hxg4 30. hxg4 Kg7 31. a5 Re6 32. Nd5 Re5 33. Nb6 Re6 34.
Nd5 Re5 35. a6 Rxd5 36. Rb7 Rd7 37. a7 Rxb7 38. Qxb7 Qh4 39. Qf3 1-0

[Event "82nd Brazilian-ch 2015"]
[Site "Rio de Janeiro"]
[Date "2016.01.14"]
[Round "7.4"]
[White "Santiago, Yago De Moura"]
[Black "Limp, Eduardo Thelio"]
[Result "0-1"]
[WhiteElo "2422"]
[BlackElo "2385"]
[PlyCount "68"]
[EventDate "2016.??.??"]
[EventCountry "BRA"]

1. e4 c5 2. Nf3 b6 3. d4 cxd4 4. Nxd4 Bb7 5. Nc3 Nf6 6. Bd3 Nc6 7. Nxc6 Bxc6 8.
Qe2 e6 9. Bg5 h6 10. Bh4 Bb4 11. O-O Bxc3 12. bxc3 d6 13. f4 Qc7 14. e5 Nd7 15.
Qh5 Nc5 16. Qg4 g6 17. Bf6 Rg8 18. f5 Nxd3 19. fxe6 Nxe5 20. Bxe5 f5 21. Rxf5
dxe5 22. Rf7 Qd6 23. Rd1 Qc5+ 24. Kh1 Rd8 25. Rxd8+ Kxd8 26. Rxa7 Re8 27. Qd1+
Kc8 28. Ra8+ Kb7 29. Rxe8 Bxe8 30. Qd8 Bc6 31. Qg8 Qd5 32. Qf7+ Ka6 33. Qf1+
Bb5 34. c4 Bxc4 0-1

[Event "82nd Brazilian-ch 2015"]
[Site "Rio de Janeiro"]
[Date "2016.01.14"]
[Round "7.5"]
[White "Brito, Luismar"]
[Black "Santos, Marcus Vinicius M"]
[Result "0-1"]
[WhiteElo "2235"]
[BlackElo "2367"]
[PlyCount "96"]
[EventDate "2016.??.??"]
[EventCountry "BRA"]

1. b3 d5 2. Bb2 c5 3. e3 Nf6 4. Nf3 g6 5. c4 Bg7 6. cxd5 Qxd5 7. Nc3 Qf5 8. Nb5
Na6 9. Be2 O-O 10. O-O b6 11. a3 Bb7 12. Qb1 Be4 13. d3 Bc6 14. Nc3 Nc7 15. Rd1
Ne6 16. Qc2 Rac8 17. Nb1 Ng5 18. Nbd2 Qg4 19. Kf1 Rfd8 20. Qc4 Qh5 21. Nxg5
Qxg5 22. Nf3 Qh6 23. h3 Nd5 24. Be5 Nxe3+ 25. fxe3 Bxf3 26. Bxg7 Bxe2+ 27. Kxe2
Qxg7 28. Rac1 Qb2+ 29. Qc2 Qe5 30. Rf1 Rd5 31. Rf4 Rcd8 32. Rd1 Qg5 33. Rg4 Qe5
34. Rf4 b5 35. Re4 Qh5+ 36. Kf1 e5 37. Rg4 Qf5+ 38. Ke2 Qd7 39. e4 Rd4 40. Qxc5
Rxd3 41. Rxd3 Qxd3+ 42. Kf2 h5 43. Rg3 Qd2+ 44. Kg1 Qe1+ 45. Kh2 Rd1 46. Re3
Qg1+ 47. Kg3 Rd2 48. Qc8+ Kg7 0-1